000 00502nam a2200205Ia 4500
003 GCL
008 140319s9999 xx 000 0 eng d
040 _aGCL /
_cGCL
082 0 4 _a822.33
_bS O
100 1 _aSHAKESPEARE, WILLIAM
245 1 0 _aOTHELLO /
_cSHAKESPEARE, WILLIAM
260 _a[S.N] :
_bYORK PRESS ،
_c1993
300 _a255 PP
650 0 4 _aENGLISH LITERATURE
650 0 4 _aTHEATER
650 0 4 _aSHAKESPEARE, WILLIAM
650 0 4 _aDRAMA
650 0 4 _aOTHELLO
942 _2ddc
_cBK
999 _c18183
_d18183